| 000 | 00386nam a2200157Ia 4500 | ||
|---|---|---|---|
| 003 | OSt | ||
| 008 | 191201s2010 xx 000 0 und d | ||
| 082 |
_a658.4032 _bCHC |
||
| 100 | _aCHAUDHURY, Arindam | ||
| 245 | 0 | _aCount Your Chickens Before They Hatch | |
| 250 | _a2nd Rep | ||
| 260 |
_aNew Delhi _bVikas Publication House _c2010 |
||
| 300 | _a192 | ||
| 650 | _aMBA | ||
| 942 |
_2ddc _cBK |
||
| 999 |
_c4816 _d4816 |
||